[Event "FRA-ch U16 Girls"]
[Site "Aix les Bains"]
[Date "2009.04.24"]
[Round "7"]
[White "Bourdaim, Hanna"]
[Black "Benac, Anais"]
[Result "0-1"]
[WhiteElo "1400"]
[BlackElo "1680"]
[PlyCount "64"]
[EventDate "2009.04.19"]
[EventType "swiss"]
[EventRounds "9"]
[EventCountry "FRA"]
[SourceTitle "CBM 130 Extra"]
[Source "ChessBase"]
[SourceDate "2009.07.02"]
[SourceVersion "2"]
[SourceVersionDate "2009.07.15"]
[SourceQuality "1"]

1. e4 e5 2. Nf3 Nc6 3. Bc4 Bc5 4. d3 Nf6 5. c3 d6 6. Nbd2 Ne7 7. Qb3 0-0 8. Ng5 d5 9. exd5 Nexd5 10. Ndf3 Re8 11. 0-0 c6 12. Ne4 Bb6 13. Re1 Nh5 14. Ned2 Bc7 15. Nf1 b5 16. Bxd5 Qxd5 17. Qxd5 cxd5 18. a4 bxa4 19. Rxa4 Bb7 20. Be3 a6 21. Rb4 Bc6 22. Bd2 a5 23. Rh4 g6 24. g4 Nf4 25. Bxf4 exf4 26. Rxe8+ Rxe8 27. g5 Rb8 28. Nd4 Bb5 29. Nxb5 Rxb5 30. b4 axb4 31. cxb4 Rxb4 32. Rh3 Bd8 0-1

[Event "FRA-ch U14 Girls"]
[Site "Le Grand Bornand"]
[Date "2007.04.??"]
[Round "5"]
[White "Llacer, Cassandra"]
[Black "Benac, Anais"]
[Result "1/2-1/2"]
[WhiteElo "1660"]
[BlackElo "1520"]
[PlyCount "114"]
[EventDate "2007.04.07"]
[EventType "swiss"]
[EventRounds "9"]
[EventCountry "FRA"]
[SourceTitle "CBM 118 Extra"]
[Source "ChessBase"]
[SourceDate "2007.07.04"]
[SourceVersion "1"]
[SourceVersionDate "2007.07.04"]
[SourceQuality "1"]

1. e4 e5 2. Bc4 Nf6 3. d3 c6 4. Nf3 Be7 5. 0-0 d5 6. exd5 cxd5 7. Bb5+ Bd7 8. Bxd7+ Nbxd7 9. Re1 Qc7 10. Nxe5 Nxe5 11. Bf4 Nfd7 12. d4 f6 13. dxe5 fxe5 14. Nc3 Rd8 15. Nxd5 Qd6 16. Nxe7 Qxe7 17. Qd5 Rf8 18. Bxe5 Nxe5 19. Qb5+ Kf7 20. Rxe5 Qd6 21. Rf5+ Kg8 22. Qb3+ Kh8 23. Rxf8+ Qxf8 24. Qe3 b6 25. Re1 Qf7 26. h3 Qxa2 27. Qe8+ Rxe8 28. Rxe8+ Qg8 29. Rxg8+ Kxg8 30. f4 Kf7 31. Kf2 Ke6 32. Ke3 Kf5 33. g4+ Kf6 34. Kd4 Ke6 35. Ke4 g6 36. g5 a6 37. c3 a5 38. b3 b5 39. Kd4 Kd6 40. c4 a4 41. cxb5 a3 42. Kc3 Kc5 43. b4+ Kxb5 44. Kb3 a2 45. Kxa2 Kxb4 46. Kb2 Kc4 47. Kc2 Kd4 48. Kd2 Ke4 49. Ke2 Kxf4 50. Kf2 Kxg5 51. Kg3 Kh5 52. Kg2 Kh4 53. Kh2 h6 54. Kg2 h5 55. Kh2 g5 56. Kg2 g4 57. hxg4 hxg4 1/2-1/2

[Event "FRA-ch U12 Girls"]
[Site "Calvi"]
[Date "2005.04.19"]
[Round "3"]
[White "Benac, Anais"]
[Black "Monasri, Sara"]
[Result "0-1"]
[WhiteElo "1430"]
[BlackElo "1520"]
[PlyCount "38"]
[EventDate "2005.04.??"]
[EventType "swiss"]
[EventRounds "9"]
[EventCountry "FRA"]
[SourceTitle "EXT 2006"]
[Source "ChessBase"]
[SourceDate "2005.11.24"]
[SourceVersion "1"]
[SourceVersionDate "2005.11.24"]
[SourceQuality "1"]

1. e4 c5 2. Nf3 d6 3. d4 cxd4 4. Nxd4 Nf6 5. Nc3 e6 6. Bg5 Be7 7. Ndb5 0-0 8. Bxf6 Bxf6 9. Nxd6 Qa5 10. Qf3 Rd8 11. 0-0-0 Bxc3 12. bxc3 Qa3+ 13. Kb1 Rxd6 14. Bc4 Rb6+ 15. Bb3 Nc6 16. Rhe1 a5 17. Qe3 Raa6 18. Rd3 a4 19. Red1 h6 0-1

[Event "FRA-ch U12 Girls"]
[Site "Calvi"]
[Date "2005.04.18"]
[Round "2"]
[White "Khan, Mai Ly"]
[Black "Benac, Anais"]
[Result "0-1"]
[WhiteElo "1610"]
[BlackElo "1430"]
[PlyCount "26"]
[EventDate "2005.04.??"]
[EventType "swiss"]
[EventRounds "9"]
[EventCountry "FRA"]
[SourceTitle "EXT 2006"]
[Source "ChessBase"]
[SourceDate "2005.11.24"]
[SourceVersion "1"]
[SourceVersionDate "2005.11.24"]
[SourceQuality "1"]

1. d4 d5 2. Nf3 Nc6 3. c4 e6 4. Nc3 Nf6 5. e4 Bb4 6. Bg5 dxe4 7. Nd2 Qxd4 8. Bxf6 gxf6 9. Rc1 e3 10. fxe3 Qxe3+ 11. Be2 Ne5 12. Nb5 Nd3+ 13. Kf1 Qf2# 0-1